000 00230nam a2200109Ia 4500
999 _c9955
_d9955
020 _a978-0132569033
100 _aJ.Glenn Brookshear
245 0 _aComputer Science
260 _aIndia
_bDorling
_c2004
300 _a380
942 _cBK